[Event "GER-ch U25-B"]
[Site "Willingen"]
[Date "2023.05.30"]
[Round "4"]
[White "Khanbekyan, Areg"]
[Black "Borgmann, Simon"]
[Result "1-0"]
[WhiteElo "1606"]
[BlackElo "1543"]
[PlyCount "95"]
[EventDate "2023.05.27"]
[EventType "swiss"]
[EventRounds "9"]
[EventCountry "GER"]
[SourceTitle "CBM 214 Extra"]
[Source "ChessBase"]
[SourceDate "2023.07.31"]
[SourceVersion "1"]
[SourceVersionDate "2023.07.31"]
[SourceQuality "1"]

1. e4 d5 2. exd5 Qxd5 3. Nc3 Qa5 4. d4 Nf6 5. Nf3 Bf5 6. Bc4 e6 7. Bd2 c6 8. Bb3 Qc7 9. Qe2 Nbd7 10. 0-0-0 0-0-0 11. Ng5 Nb6 12. h3 h6 13. g4 hxg5 14. gxf5 exf5 15. Bxg5 Qe7 16. Qxe7 Bxe7 17. Bxf7 Rhf8 18. Be6+ Kb8 19. Bxf5 Nfd5 20. Bxe7 Nxe7 21. Be6 Rxf2 22. Rhg1 g6 23. Ne4 Rf4 24. Rg4 Rxg4 25. Bxg4 Rf8 26. Nc5 Rf2 27. Re1 Rf7 28. Re6 Nbd5 29. Nd7+ Kc7 30. Ne5 Rg7 31. c4 Ne3 32. Nxg6 Nxg6 33. Rxe3 b5 34. b3 bxc4 35. bxc4 Kb6 36. Re6 Nf4 37. Rd6 Re7 38. d5 Kc5 39. Rxc6+ Kd4 40. d6 Re3 41. d7 Kc3 42. d8Q Nd3+ 43. Qxd3+ Rxd3 44. Rc7 a5 45. Ra7 Kb4 46. Kc2 Rc3+ 47. Kb2 Rxc4 48. Rb7+ 1-0

[Event "Sachsen-Anhalt Landesliga A 18/19"]
[Site "Sachsen Anhalt"]
[Date "2019.02.24"]
[Round "7.7"]
[White "Mueller, Mario"]
[Black "Khanbekyan, Areg"]
[Result "1-0"]
[WhiteElo "1825"]
[BlackElo "1547"]
[PlyCount "113"]
[EventDate "2018.09.23"]
[EventType "team-tourn"]
[EventRounds "9"]
[EventCountry "GER"]
[SourceTitle "EXT 2022"]
[Source "ChessBase"]
[SourceDate "2021.10.06"]
[SourceVersion "1"]
[SourceVersionDate "2021.10.06"]
[SourceQuality "1"]
[WhiteTeam "Magdeburg USC II"]
[BlackTeam "Magdeburg Aufbau Elbe IV"]
[WhiteTeamCountry "GER"]
[BlackTeamCountry "GER"]

1. c4 c5 2. Nc3 Nf6 3. Nf3 g6 4. d4 cxd4 5. Nxd4 Nc6 6. Nc2 Bg7 7. e4 d6 8. Be2 0-0 9. 0-0 Be6 10. Be3 Qa5 11. a3 Rfc8 12. b4 Qd8 13. Rc1 Ne5 14. c5 Nfg4 15. Bd4 dxc5 16. Bxc5 Qxd1 17. Nxd1 Bh6 18. Nde3 Bb3 19. f4 Nxe3 20. Nxe3 Nc6 21. Ng4 Bg7 22. e5 f5 23. Nf2 Bh6 24. g3 b6 25. Bf3 bxc5 26. Rxc5 Ba4 27. Rfc1 Rd8 28. Bxc6 Bxc6 29. Rxc6 Rd2 30. R1c2 Rd4 31. R6c4 Rdd8 32. Kg2 g5 33. Kf3 gxf4 34. gxf4 Kf7 35. Rc6 Bg7 36. Ke3 Rdb8 37. Ra6 Rb6 38. Rc6 Rxc6 39. Rxc6 Ke8 40. Nd3 Kd7 41. b5 Rb8 42. Nc5+ Ke8 43. a4 Bf8 44. Ne6 Kd7 45. Nd4 Ke8 46. Nxf5 Kd7 47. e6+ Kd8 48. Kd4 Rc8 49. Kc5 Rc7 50. a5 Kc8 51. Rxc7+ Kxc7 52. Ne3 h6 53. Nd5+ Kb7 54. a6+ Kb8 55. Kc6 Kc8 56. b6 axb6 57. Kxb6 1-0

[Event "GER-chT U12"]
[Site "Magdeburg"]
[Date "2017.12.28"]
[Round "4.4"]
[White "Khanbekyan, Areg"]
[Black "Garner, Isaac"]
[Result "0-1"]
[WhiteElo "1580"]
[BlackElo "1689"]
[PlyCount "66"]
[EventDate "2017.12.26"]
[EventType "team-swiss"]
[EventRounds "7"]
[EventCountry "GER"]
[SourceTitle "CBM 182 Extra"]
[Source "ChessBase"]
[SourceDate "2018.02.23"]
[SourceVersion "1"]
[SourceVersionDate "2018.02.23"]
[SourceQuality "1"]
[WhiteTeam "Magdeburg Schachzwerge"]
[BlackTeam "Hamburger SK"]
[WhiteTeamCountry "GER"]
[BlackTeamCountry "GER"]

1. e4 c5 2. Nf3 Nc6 3. d4 cxd4 4. Nxd4 Nf6 5. Nc3 e5 6. Ndb5 d6 7. Bd3 a6 8. Na3 b5 9. Nd5 Nxd5 10. exd5 Nb8 11. Be3 Nd7 12. 0-0 Be7 13. c4 b4 14. Nc2 a5 15. b3 0-0 16. Kh1 f5 17. f4 exf4 18. Bxf4 Ne5 19. Nd4 g6 20. Bc2 Bf6 21. Qd2 Re8 22. Rae1 Bd7 23. Bg3 Qb6 24. Rd1 Ng4 25. Rf3 Bg7 26. h3 Ne5 27. Rff1 Re7 28. Nf3 Nxf3 29. Rxf3 Rae8 30. Qf2 Qc7 31. Rd2 Bc3 32. Rd1 Re2 33. Qg1 Rxc2 0-1

[Event "GER-ch U25-A"]
[Site "Willingen"]
[Date "2017.06.04"]
[Round "1"]
[White "Gallasch, Robin"]
[Black "Khanbekyan, Areg"]
[Result "1-0"]
[WhiteElo "1634"]
[BlackElo "1403"]
[PlyCount "59"]
[EventDate "2017.06.04"]
[EventType "swiss"]
[EventRounds "9"]
[EventCountry "GER"]
[SourceTitle "CBM 178 Extra"]
[Source "ChessBase"]
[SourceDate "2017.06.22"]
[SourceVersion "1"]
[SourceVersionDate "2017.06.22"]
[SourceQuality "1"]

1. d4 Nf6 2. c4 e6 3. Nf3 b6 4. g3 Bb7 5. Bg2 Be7 6. Nc3 0-0 7. 0-0 d5 8. Qa4 Nbd7 9. Rd1 c5 10. Bg5 Rc8 11. cxd5 cxd4 12. Nxd4 exd5 13. Bxf6 Bxf6 14. e3 Nc5 15. Qc2 Re8 16. Rac1 Qd7 17. Qf5 Red8 18. Qxd7 Rxd7 19. Bh3 Ne6 20. Nxe6 fxe6 21. Bxe6+ Kf8 22. Bxd7 Rd8 23. Be6 d4 24. exd4 Rxd4 25. Rxd4 Bxd4 26. Nb5 Bxb2 27. Rc7 Ba6 28. Rf7+ Ke8 29. Nd6+ Kd8 30. Rd7# 1-0

[Event "GER-chT U10"]
[Site "Magdeburg"]
[Date "2014.12.28"]
[Round "3.2"]
[White "Haufe, Laurin"]
[Black "Khanbekyan, Areg"]
[Result "1-0"]
[WhiteElo "1413"]
[BlackElo "1095"]
[PlyCount "109"]
[EventDate "2014.12.27"]
[EventType "team-swiss"]
[EventRounds "7"]
[EventCountry "GER"]
[SourceTitle "EXT 2016"]
[Source "ChessBase"]
[SourceDate "2015.10.08"]
[SourceVersion "1"]
[SourceVersionDate "2015.10.08"]
[SourceQuality "1"]
[WhiteTeam "Leipzig Gruen Weiss"]
[BlackTeam "Magdeburg USC"]
[WhiteTeamCountry "GER"]
[BlackTeamCountry "GER"]

1. d4 Nf6 2. Nf3 e6 3. Nc3 Bb4 4. a3 Bxc3+ 5. bxc3 b6 6. Bg5 Bb7 7. e3 0-0 8. Bd3 d6 9. e4 h6 10. Bh4 e5 11. dxe5 dxe5 12. Nxe5 Re8 13. Ng4 Nbd7 14. 0-0 Bxe4 15. Nxf6+ Nxf6 16. Bxf6 Qxf6 17. Bxe4 Rxe4 18. Qd3 Rae8 19. Rad1 Re2 20. h3 Qg6 21. Qxg6 fxg6 22. Rd7 Rxc2 23. Rxc7 a5 24. Rc6 Rb8 25. Re1 Kf7 26. Ree6 g5 27. Re3 b5 28. Ra6 a4 29. Rf3+ Ke7 30. Rg6 Kd7 31. Rxg7+ Kd6 32. Rg6+ Kd7 33. Rxh6 Rc8 34. Rf7+ Ke8 35. Rh8+ Kxf7 36. Rxc8 Rc1+ 37. Kh2 Ra1 38. Rb8 Rxa3 39. Rxb5 Rxc3 40. Ra5 Rc4 41. g3 Kg6 42. Kg2 Kf6 43. Kf3 Kg6 44. Ke3 Kf6 45. Kd3 Rc8 46. Rxa4 Rd8+ 47. Ke4 Re8+ 48. Kf3 Kg6 49. Kg4 Rf8 50. Ra6+ Kg7 51. Kxg5 Rxf2 52. Ra7+ Kg8 53. Kg6 Rf8 54. g4 Re8 55. h4 1-0

[Event "GER-ch U10"]
[Site "Magdeburg"]
[Date "2014.06.14"]
[Round "11"]
[White "Khanbekyan, Areg"]
[Black "Schmidtmann, Samantha"]
[Result "1/2-1/2"]
[WhiteElo "962"]
[BlackElo "1223"]
[PlyCount "91"]
[EventDate "2014.06.08"]
[EventType "swiss"]
[EventRounds "11"]
[EventCountry "GER"]
[SourceTitle "CBM 160 Extra"]
[Source "ChessBase"]
[SourceDate "2014.07.01"]
[SourceVersion "1"]
[SourceVersionDate "2014.07.01"]
[SourceQuality "1"]

1. e4 c5 2. Nf3 d6 3. d4 cxd4 4. Nxd4 Nf6 5. Nc3 a6 6. Be3 e5 7. Nb3 Be6 8. f3 Be7 9. g4 d5 10. exd5 Nxd5 11. Nxd5 Qxd5 12. Qxd5 Bxd5 13. Bg2 Nc6 14. 0-0-0 0-0-0 15. Rhf1 h5 16. Bh3 Kb8 17. Bb6 Bc4 18. Bxd8 Bxf1 19. Bxf1 Bxd8 20. Rd7 Bg5+ 21. Kd1 hxg4 22. fxg4 Be7 23. Bg2 Rd8 24. Rxd8+ Bxd8 25. Ke2 Nd4+ 26. Nxd4 exd4 27. Kd3 Bf6 28. Bd5 Be5 29. Bxf7 Bxh2 30. Kxd4 Bd6 31. b3 Kc7 32. Kd5 g5 33. c4 b6 34. Be6 a5 35. a4 Bb4 36. Ke4 Kc6 37. Kd4 Bc5+ 38. Ke4 Ba3 39. Kd4 Bc5+ 40. Kc3 Bb4+ 41. Kd4 Bc5+ 42. Ke5 Ba3 43. Kd4 Bc5+ 44. Kc3 Bb4+ 45. Kd4 Bc5+ 46. Kc3 1/2-1/2

[Event "GER-ch U10"]
[Site "Magdeburg"]
[Date "2014.06.13"]
[Round "9"]
[White "Khanbekyan, Areg"]
[Black "Breitzmann, Sander"]
[Result "0-1"]
[WhiteElo "962"]
[BlackElo "1220"]
[PlyCount "42"]
[EventDate "2014.06.08"]
[EventType "swiss"]
[EventRounds "11"]
[EventCountry "GER"]
[SourceTitle "CBM 160 Extra"]
[Source "ChessBase"]
[SourceDate "2014.07.01"]
[SourceVersion "1"]
[SourceVersionDate "2014.07.01"]
[SourceQuality "1"]

1. e4 e5 2. Nf3 Nc6 3. d4 exd4 4. Nxd4 Bc5 5. Be3 Qf6 6. c3 Nge7 7. Bc4 0-0 8. 0-0 Ne5 9. Bb3 Bb6 10. Ba4 d5 11. exd5 Nxd5 12. Nc2 c6 13. Re1 Bf5 14. Nb4 Nxe3 15. fxe3 Qg5 16. Kh1 Ng4 17. Qf3 Nxe3 18. Nd2 Bg4 19. Qe4 Rfe8 20. Qb1 Bf5 21. Qc1 Qxg2# 0-1

[Event "GER-ch U10"]
[Site "Magdeburg"]
[Date "2014.06.12"]
[Round "8"]
[White "Schoenweiler, Elisabeth"]
[Black "Khanbekyan, Areg"]
[Result "0-1"]
[WhiteElo "1217"]
[BlackElo "962"]
[PlyCount "122"]
[EventDate "2014.06.08"]
[EventType "swiss"]
[EventRounds "11"]
[EventCountry "GER"]
[SourceTitle "CBM 160 Extra"]
[Source "ChessBase"]
[SourceDate "2014.07.01"]
[SourceVersion "1"]
[SourceVersionDate "2014.07.01"]
[SourceQuality "1"]

1. e4 c5 2. Nc3 d6 3. f4 g6 4. Nf3 Bg7 5. Bc4 Nc6 6. 0-0 Nf6 7. Qe1 e5 8. d3 0-0 9. Qh4 Be6 10. Bb3 Nh5 11. Qxd8 Raxd8 12. Bxe6 fxe6 13. fxe5 Nxe5 14. Bg5 Nxf3+ 15. Rxf3 Rxf3 16. Bxd8 Bd4+ 17. Kh1 Rf2 18. Rc1 Be3 19. Re1 Rxc2 20. g4 Nf4 21. h4 Rc1 22. Rxc1 Bxc1 23. b3 Nxd3 24. Kg2 Nb4 25. a4 d5 26. exd5 exd5 27. Ba5 d4 28. Bxb4 cxb4 29. Nd1 Kf7 30. Kf3 d3 31. Ke4 d2 32. Kf4 Kf6 33. g5+ Ke6 34. Ke4 a6 35. Nf2 Kd6 36. Kd4 Bb2+ 37. Kd3 Ke5 38. Nd1 Bc3 39. Ke3 Kd5 40. Kd3 Kc5 41. Ke3 b5 42. a5 Kd5 43. Kd3 Ke5 44. Ke3 Kf5 45. Kf3 Bd4 46. Ke2 Kg4 47. Kxd2 Kxh4 48. Kd3 Be5 49. Ke4 Bc7 50. Kf3 Kxg5 51. Kg2 Bxa5 52. Nf2 Bb6 53. Ne4+ Kf4 54. Ng3 a5 55. Ne2+ Ke3 56. Ng3 a4 57. Nf1+ Kd3 58. bxa4 bxa4 59. Kf3 a3 60. Ng3 a2 61. Ne4 a1Q 0-1

[Event "GER-ch U10"]
[Site "Magdeburg"]
[Date "2014.06.09"]
[Round "3"]
[White "Morgenstern, Tobias"]
[Black "Khanbekyan, Areg"]
[Result "0-1"]
[WhiteElo "1073"]
[BlackElo "962"]
[PlyCount "70"]
[EventDate "2014.06.08"]
[EventType "swiss"]
[EventRounds "11"]
[EventCountry "GER"]
[SourceTitle "CBM 160 Extra"]
[Source "ChessBase"]
[SourceDate "2014.07.01"]
[SourceVersion "1"]
[SourceVersionDate "2014.07.01"]
[SourceQuality "1"]

1. e4 c5 2. Nf3 d6 3. d4 cxd4 4. Nxd4 Nf6 5. Nc3 g6 6. Bc4 Bg7 7. Be3 0-0 8. Qd3 a6 9. f4 b5 10. Bd5 Nxd5 11. exd5 e6 12. 0-0-0 Bd7 13. g4 b4 14. Nce2 exd5 15. Nb3 Bxg4 16. Rd2 Bxe2 17. Rxe2 Qf6 18. Bd4 Qxf4+ 19. Kb1 Bxd4 20. Nxd4 Nd7 21. Rd2 Ne5 22. Qe2 Rfe8 23. Qg2 Nc4 24. Rd3 Re4 25. Nf3 Rae8 26. Rxd5 Ne3 27. Qf2 Nxd5 28. Qg2 Qe3 29. Qg3 g5 30. b3 Nc3+ 31. Kb2 g4 32. Rg1 Ne2 33. Qg2 Nxg1 34. Nxg1 Qc3+ 35. Kc1 Re1# 0-1

[Event "GER-chT U10"]
[Site "Magdeburg"]
[Date "2013.12.28"]
[Round "5.4"]
[White "Khanbekyan, Areg"]
[Black "Stephan, Maxime"]
[Result "0-1"]
[WhiteElo "600"]
[BlackElo "1138"]
[PlyCount "78"]
[EventDate "2013.12.27"]
[EventType "team-swiss"]
[EventRounds "5"]
[EventCountry "GER"]
[SourceTitle "EXT 2015"]
[Source "ChessBase"]
[SourceDate "2014.11.20"]
[SourceVersion "1"]
[SourceVersionDate "2014.11.20"]
[SourceQuality "1"]
[WhiteTeam "Magdeburg USC"]
[BlackTeam "Leipzig Gruen Weiss"]
[WhiteTeamCountry "GER"]
[BlackTeamCountry "GER"]

1. e4 e5 2. Nf3 Nc6 3. Bc4 Bc5 4. d3 d6 5. Bg5 Nf6 6. Nc3 Bg4 7. Nd5 Bxf3 8. Qxf3 Nd4 9. Qd1 c6 10. Nc3 h6 11. Be3 0-0 12. 0-0 b5 13. Bb3 a5 14. a4 b4 15. Ne2 Qb6 16. Qd2 Ng4 17. h3 Nxe3 18. fxe3 Nxb3 19. cxb3 Bxe3+ 20. Qxe3 Qxe3+ 21. Rf2 Qxd3 22. Raf1 Qxb3 23. Nc1 Qxa4 24. b3 Qb5 25. Ne2 c5 26. Ng3 g6 27. Rf3 a4 28. bxa4 Rxa4 29. Nf5 Qd7 30. Nxh6+ Kg7 31. Ng4 f5 32. Ne3 f4 33. Ng4 g5 34. g3 Ra3 35. Rxa3 bxa3 36. Ra1 Qa7 37. gxf4 Rxf4 38. Nf2 c4 39. Kf1 Qxf2# 0-1